Bhookh/ (Record no. 5394)

000 -LEADER
fixed length control field 00342nam a22001571a 4500
082 ## - DEWEY DECIMAL CLASSIFICATION NUMBER
Classification number H3
Item number CHI/B
100 ## - MAIN ENTRY--AUTHOR NAME
Personal name Chitra Mudgal
245 ## - TITLE STATEMENT
Title Bhookh/
Statement of responsibility, etc by Chitra Mudgal
260 ## - PUBLICATION, DISTRIBUTION, ETC. (IMPRINT)
Place of publication Delhi:
Name of publisher Jnan Ganga,
Year of publication 2002.
300 ## - PHYSICAL DESCRIPTION
Number of Pages 132p.
650 ## - SUBJECT ADDED ENTRY--TOPICAL TERM
Topical Term Novel Hindi
650 ## - SUBJECT ADDED ENTRY--TOPICAL TERM
Topical Term Literature Hindi
650 ## - SUBJECT ADDED ENTRY--TOPICAL TERM
Topical Term Literature
942 ## - ADDED ENTRY ELEMENTS (KOHA)
Koha item type Book
942 ## - ADDED ENTRY ELEMENTS (KOHA)
Koha item type Book
Holdings
Withdrawn status Lost status Damaged status Not for loan Permanent Location Current Location Date acquired Cost, normal purchase price Full call number Accession Number Cost, replacement price Price effective from Koha item type
        Sree Sankaracharya University of Sanskrit Sree Sankaracharya University of Sanskrit 08.01.2015 125.00 H3 CHI/B 045017 0.00 08.01.2015 Book
        Sree Sankaracharya University of Sanskrit Sree Sankaracharya University of Sanskrit 08.01.2015 125.00 H3 CHI/B 045016 0.00 08.01.2015 Book